000 00667nam a22002057a 4500
999 _c390
_d390
003 AR-CdUCM
008 190223b ||||| |||| 00| 0 spa d
040 _aMUNICIPALIDAD PROVINCIAL DEL CUSCO
_cBIBLIOTECA MUNICIPAL DEL CUSCO
082 _27ma
_a895.4 /
_bPN 44
100 _aTagore, Rabindranaz
_91567
245 _aObra Escojida
260 _aEspaña :
_bAguilar ;
_c1964.
300 _a1283 páginas
_c18cm
440 _aBiblioteca Premios Novel
_91494
505 _aLírica breve -- Teatro -- Cuento -- Aforismo -- Escuela
650 _aLiteratura Universal
_9611
650 _aLiteratura Premio Novel
_91568
942 _2ddc
_cLIBROS
945 _anom
_d2019-02-23